| 000 | 00808cab a22002055a 4500 | ||
|---|---|---|---|
| 001 | L146102 | ||
| 008 | 081210e20081206xxkdo f s 000 0 eng d | ||
| 035 | _a(Sirsi) u146102 | ||
| 041 | 0 | _aeng | |
| 100 | 1 | _aPhillips, Mike | |
| 245 | 0 | 0 | _aEG finance |
| 260 | _c2008 | ||
| 490 |
_aEstates Gazette _v(0848) 6 December 2008, 31-43(7) |
||
| 520 | _aRegular feature looks at property finance and investment. Includes sections on raising capital in a difficult market, a focus on the loan books of Halifax Bank of Scotland (HBOS) and the Royal Bank of Scotland (RBS) and an interview with Macquarie Global Property Advisers' (MPGA) Alex Jeffries on the growing demands on private equity funds. | ||
| 590 | _aKA | ||
| 651 | 4 |
_aUnited Kingdom _y |
|
| 690 | _aPROPERTY | ||
| 700 | 1 | _aBanks, David | |
| 942 | _n0 | ||
| 999 |
_c81028 _d81028 |
||